Racecourse in Japan - Statistics

General Stats
  • This quiz has been taken 3 times
  • The average score is 17 of 25
Answers on the Map
Answers color-coded by a green-red scale on the quiz's map according to % correct below.
 
Answer Stats
Answer % Correct
Hanshin 阪神
100%
Kasamatsu 笠松
100%
Kyoto 京都
100%
Nakayama 中山
100%
Ohi 大井
100%
Tokyo 東京
100%
Chukyo 中京
67%
Fukushima 福島
67%
Funabashi 船橋
67%
Hakodate 函館
67%
Himeji 姫路
67%
Kanazawa 金沢
67%
Kawasaki 川崎
67%
Kochi 高知
67%
Kokura 小倉
67%
Nagoya 名古屋
67%
Niigata 新潟
67%
Obihiro 帯広
67%
Saga 佐賀
67%
Sapporo 札幌
67%
Sonoda 園田
67%
Mizusawa 水沢
33%
Monbetsu 門別
33%
Morioka 盛岡
33%
Urawa 浦和
33%
No matching quizzes found
Score Distribution
Percent of People with Each Score
Percentile by Number Answered
Your Score History
You have not taken this quiz